000 00278nam a2200121Ia 4500
008 190216s9999||||xx |||||||||||||| ||und||
100 _aChatergee .p.n
245 0 _aMechanics
260 _bRajhans Prakashan Mandir
_c1981
300 _a192p
650 _aMechanics
942 _cBK
999 _c32959
_d32959